000 00447nam a22001457a 4500
003 MACL
005 20160320121129.0
008 160320b xxu||||| |||| 00| 0 eng d
040 _cMACL
041 _aHindi
100 _aगोयल हेमन्‍त कुमार
_947684
245 _aप्राेग्रामिंग कोर्स
260 _aमेरठ
_bरवि पॉकेट बुक्‍स
942 _2ddc
_cHIN
999 _c53580
_d53580